Southville International School and Colleges
Your cart is empty.
  • Cart
  • Lists
    Public lists Eva Luna New books Lux_list list_1
    Your lists Log in to create your own lists
  • Log in to your account
  • Your cookies
  • Search history
Southville International School and Colleges
  • Advanced search
  • Recent comments
  • Most popular
  • Libraries

Log in to your account

Log in with GOOGLE


If you do not have an external account, but do have a local account, you can still log in:

  1. Home
  2. MARC view: Math for healthcare professionals :
Normal view MARC view ISBD view

Math for healthcare professionals : (Record no. 14051)

[ view plain ]
MARC details
000 -LEADER
fixed length control field 01876cam a22003854a 4500
001 - CONTROL NUMBER
control field 15599607
003 - CONTROL NUMBER IDENTIFIER
control field OSt
005 - DATE AND TIME OF LATEST TRANSACTION
control field 20140310182524.0
008 - FIXED-LENGTH DATA ELEMENTS--GENERAL INFORMATION
fixed length control field 090123s2010 maua 001 0 eng
010 ## - LIBRARY OF CONGRESS CONTROL NUMBER
LC control number 2009002936
016 7# - NATIONAL BIBLIOGRAPHIC AGENCY CONTROL NUMBER
Record control number 101494266
Source DNLM
020 ## - INTERNATIONAL STANDARD BOOK NUMBER
International Standard Book Number 9780763758431 (pbk.)
020 ## - INTERNATIONAL STANDARD BOOK NUMBER
International Standard Book Number 0763758434 (pbk.)
035 ## - SYSTEM CONTROL NUMBER
System control number (OCoLC)ocn300396914
040 ## - CATALOGING SOURCE
Original cataloging agency DNLM/DLC
Transcribing agency DLC
Modifying agency BTCTA
-- YDXCP
-- NLM
-- C#P
-- DLC
042 ## - AUTHENTICATION CODE
Authentication code pcc
050 00 - LIBRARY OF CONGRESS CALL NUMBER
Classification number RS 57
Item number .D53 2010
082 00 - DEWEY DECIMAL CLASSIFICATION NUMBER
Classification number 615/.1401513
100 1# - MAIN ENTRY--PERSONAL NAME
Personal name Nancy DiDona.
9 (RLIN) 9440
245 10 - TITLE STATEMENT
Title Math for healthcare professionals :
Remainder of title dosage calculations and fundamentals of medication administration /
Statement of responsibility, etc Nancy DiDona.
260 ## - PUBLICATION, DISTRIBUTION, ETC. (IMPRINT)
Place of publication, distribution, etc Sudbury, Mass. :
Name of publisher, distributor, etc Jones and Bartlett Publishers,
Date of publication, distribution, etc c2010.
300 ## - PHYSICAL DESCRIPTION
Extent 191 p. :
Other physical details ill. ;
Dimensions 28 cm.
500 ## - GENERAL NOTE
General note Includes index.
504 ## - BIBLIOGRAPHY, ETC. NOTE
Bibliography, etc Includes bibliographical references and index.
505 0# - FORMATTED CONTENTS NOTE
Formatted contents note Basic math skills -- Organizing mathematics for medication administration -- Medication administration safety -- Identifying labels, syringes, and intravenous bags -- Executing physicians orders -- Intravenous solutions and medication administration -- Calculating adult dosages -- Pediatric dosages and medicating children -- Comprehensive examination I -- Comprehensive examination II.
650 #0 - SUBJECT ADDED ENTRY--TOPICAL TERM
Topical term or geographic name as entry element Pharmaceutical arithmetic.
9 (RLIN) 7809
650 #0 - SUBJECT ADDED ENTRY--TOPICAL TERM
Topical term or geographic name as entry element Medicine
General subdivision Mathematics.
9 (RLIN) 9445
650 12 - SUBJECT ADDED ENTRY--TOPICAL TERM
Topical term or geographic name as entry element Drug Dosage Calculations
Form subdivision Problems and Exercises.
9 (RLIN) 9446
650 12 - SUBJECT ADDED ENTRY--TOPICAL TERM
Topical term or geographic name as entry element Pharmaceutical Preparations
General subdivision administration & dosage
Form subdivision Problems and Exercises.
9 (RLIN) 9447
650 22 - SUBJECT ADDED ENTRY--TOPICAL TERM
Topical term or geographic name as entry element Mathematics
Form subdivision Problems and Exercises.
9 (RLIN) 9448
906 ## - LOCAL DATA ELEMENT F, LDF (RLIN)
a 7
b cbc
c orignew
d 1
e ecip
f 20
g y-gencatlg
942 ## - ADDED ENTRY ELEMENTS (KOHA)
Source of classification or shelving scheme Library of Congress Classification
Koha item type
Holdings
Withdrawn status Lost status Source of classification or shelving scheme Damaged status Home library Current library Shelving location Date acquired Total Checkouts Full call number Barcode Date last seen Copy number Price effective from Koha item type
    Library of Congress Classification   South SEED-LPDH College Library South SEED-LPDH College Library South SEED-LPDH College Section 08/12/2013   RS 57 .D53 2010 SSLC0371 04/20/2017 1 08/12/2013 Books

Math for healthcare professionals :

APA

Nancy DiDona, . (2010). Math for healthcare professionals. Sudbury, Mass: Jones and Bartlett Publishers.

Chicago

Nancy DiDona, . 2010. Math for healthcare professionals. Sudbury, Mass: Jones and Bartlett Publishers.

Harvard

Nancy DiDona, . (2010). Math for healthcare professionals. Sudbury, Mass: Jones and Bartlett Publishers.

MLA

Nancy DiDona, . Math for healthcare professionals. Sudbury, Mass: Jones and Bartlett Publishers. 2010.

  • Place hold
  • Print
  • Cite
  • Add to your cart (remove)
  • Save record
    BIBTEX Dublin Core MARCXML MARC (non-Unicode/MARC-8) MARC (Unicode/UTF-8) MARC (Unicode/UTF-8, Standard) MODS (XML) RIS
  • More searches
    Search for this title in:
    Other Libraries (WorldCat) Other Databases (Google Scholar) Online Stores (Bookfinder.com) Open Library (openlibrary.org)

Exporting to Dublin Core...

SOUTHVILLE LIBRARY

Southville International School and Colleges Library

1281 Tropical Ave. Cor. Luxembourg St., BF Homes International, Las Pinas City

Tel. No. 8256374 / 252358 Loc. 117/146

Powered by Koha